000 00755 a2200181 4500
003 Nust
005 20170207153153.0
040 _cNust
082 _a005.8
100 _aAshraf, Muhammad ( MSIS-4)
245 _aEfficient implementation of spread spectrum based steganographic technique
_cMuhammad Ashraf
260 _bMCS (NUST)
_cMarch, 2009
_aRawalpindi
300 _aix,66 ,p.;
505 _aIntroduction (page-1) background of information hiding and spread spectrum communication (page-6) Discrete wavelet transforms and proposed efficient implementation (page-21) Proposed efficient and parallel implementation of digital watermarking (page-41) Conclusion (page-60)
538 _a Almirah No.70 Shelf No.4
650 _aPG Thesis
651 _aMSIS-4
942 _cTHS
999 _c180656
_d180656